000 00553cam a22002171 4500
001 sa 64003692
003 DLC
005 20260227112019.0
008 890906s1963 ii 000 1 tamo
010 _asa 64003692
035 _a(OCoLC)20307171
040 _aDLC
_cWaU
_dDLC
042 _apremarc
050 0 0 _aPL4758.9.M27
_bC4
100 1 _aManisekaran, Kovi,
_d1926-
245 1 0 _aCempiyan˞ celvi.
260 _c[1963]
300 _a440 p.
_c19 cm.
500 _aA novel.
600 0 0 _aKulottunga
_bI,
_cChola King,
_dactive 1070-1118
_vFiction.
999 _c58065
_d58065